1818 1404 1258 1003 1448 1883 1580 1219 1352 1505 1465 1125 1224 1634 1191 1926 1651 1675 1020 1468 1543 1478 1433 1695 1579 1621 1802 1428 1794 1758 1762 1994 1012 1321 1347 1501 1139 1013 1677 1358 1908 1298 1726 1735 1788 1503 1176 1963 1164 1222 1072 1401 1703 1784 1122 1635 1121 1740 1660 1365 1968 1998 1365 1333 1242 1041 1279 1526 1858 1362 1452 1010 1930 1420 1225 1036 1654 1337 1994 1549 1226 1551 1033 1487 1387 1871 1846 1413 1632 1365 1617 1050 1436 1289 1058 1666 1428 1789 1294 BCNSPRNW ULIB Ver.6.0+V

เปลี่ยนเป็นภาษาไทย

Change to English
 แสดงรายละเอียดบรรณานุกรม
  กลับหน้าหลัก

Brief Record : Get Marc (ISO 2709) : E-mail record : QR code < ปิดหน้าต่าง
LEADER : 00000nam 2200000uu 4500
001    13399109643
003     ULIB
008    110407s2548||||th 000 0 tha d
020    9749295404
060 04 WB890^bภ669 2548
245 00 ภูมิปัญญาสุขภาพ :^bปฏิบัติการต่อรองของความรู้ท้องถิ่น /^cหัวหน้างานบรรณาธิการ ดาริน อินทร์เหมือน
260    กรุงเทพฯ :^bศูนย์มานุษยวิทยาสิรินธร,^c2548
300    (9), 269 หน้า :^bภาพประกอบ ;^c21 ซม.
440  0 เอกสารวิชาการ ;^vลำดับที่ 42
500    หนังสือรวมบทความจากการประชุมประจำปีทางมานุษยวิทยา ครั้งที่3 เรื่อง ทบทวนภูมิปัญญาท้าทายความรู้
650  7 การแพทย์แผนไทย
650  7 การแพทย์แผนโบราณ^zไทย
650  7 แพทย์แผนโบราณ
650  7 การแพทย์ทางเลือก^zไทย
650  7 ภูมิปัญญาชาวบ้าน^zไทย
650  7 สมุนไพร^xการใช้รักษา
700 0  ดาริน อินทร์เหมือน,^eบรรณาธิการ
710 2  ศูนย์มานุษยวิทยาสิรินธร
945    ^p150^l0^i018975
945    ^p150^l0^i019623
995    ทศพร
999 ^a ใช้งานได้ทุกระบบ
รายการนี้ยังไม่มีแท็ก
คุณยังไม่ได้ล็อกอิน คุณสามารถมีกิจกรรมร่วมกับเว็บไซต์ได้ แต่ต้องล็อกอินก่อน ::
  ล็อกอิน

รายการสื่อสารสนเทศ

ลำดับที่ ประเภท เลขเรียก/บาร์โค้ด สถานที่ สถานะ
1. วิทยาศาสตร์การแพทย์ และสุขภาพ
วิทยาศาสตร์การแพทย์ และสุขภาพ
สถานะ=หนังสือเก่า
WB890 ภ669 2548 ฉ.1 
  Barcode: 018975
ห้องสมุดวิทยาเขตสวรรค์ประชารักษ์
►ส่วนจัดเก็บหนังสือเก่า สปร
บนชั้น
  ขอยืม
2. วิทยาศาสตร์การแพทย์ และสุขภาพ
วิทยาศาสตร์การแพทย์ และสุขภาพ
สถานะ=หนังสือเก่า
WB890 ภ669 2548 ฉ.2 
  Barcode: 019623
ห้องสมุดวิทยาเขตสวรรค์ประชารักษ์
►ส่วนจัดเก็บหนังสือเก่า สปร
บนชั้น
  ขอยืม

รายการใกล้เคียง
    หัวเรื่อง [การแพทย์แผนไทย]
    หัวเรื่อง [การแพทย์แผนโบราณ ไทย]
    หัวเรื่อง [แพทย์แผนโบราณ]

BibComment


ยังไม่เคยถูกคอมเมนท์

คอมเมนท์ทรัพยากรรายการนี้
  คอมเมนท์: ภูมิปัญญาสุขภาพ ..


 Copyright 2026. Bcnsprnw @Library